Niñas, niños y adolescentes: los riesgos de un trabajo invisible para el propio hogar
Uloženo v:
| Hlavní autor: | |
|---|---|
| Médium: | Kniha |
| Jazyk: | španělština |
| Vydáno: |
Santiago
OIT
2005
|
| Vydání: | 1a. ed |
| Témata: | |
| Tagy: |
Přidat tag
Žádné tagy, Buďte první, kdo vytvoří štítek k tomuto záznamu!
|
MARC
| LEADER | 00000nam a2200000 a 4500 | ||
|---|---|---|---|
| 001 | UCJ1286 | ||
| 003 | CL-VaPUC | ||
| 008 | 061013e20050000CL |||||||||||||||||spa|d | ||
| 020 | |a 9223179602 | ||
| 082 | 0 | 4 | |a 331.31 |b SIL |2 21 |
| 100 | 0 | |a Silva Güiraldes, María Jesús |e author |9 501822 | |
| 245 | 1 | 0 | |a Niñas, niños y adolescentes: los riesgos de un trabajo invisible para el propio hogar |
| 250 | |a 1a. ed | ||
| 300 | |a 71 p | ||
| 942 | |c BK | ||
| 945 | |d 20061013 00:00:00 |a cmena | ||
| 260 | |a Santiago |b OIT |c 2005 | ||
| 650 | 0 | |a Trabajo infantil |9 389077 | |
| 650 | 0 | |a Problemas sociales |9 258537 | |
| 650 | 0 | |a Familias |9 255641 | |
| 650 | 0 | |a Encuestas |9 259666 | |
| 650 | 7 | |a CONDICIONES LABORALES |2 CL-VaPUC |9 381428 | |
| 650 | 0 | |a Sociología de la educación |9 260380 | |
| 583 | |a last modification |c 20061013 00:00:00 |k Rodrigo Vera | ||
| 999 | |c 317909 |d 317907 | ||
| 952 | |0 0 |1 0 |4 0 |6 331_310000000000000_SIL_2005 |7 0 |8 A |9 394987 |a BIBEDU |b BIBEDU |d 2019-11-22 |i 4264835 |o 331.31 SIL 2005 |p 4264835 |r 2019-11-22 |w 2019-11-22 |y BK |k BME | ||
| 952 | |0 0 |1 0 |4 0 |6 331_310000000000000_SIL_2005 |7 0 |8 A |9 394988 |a BIBEDU |b BIBEDU |d 2019-11-22 |i 4511891 |o 331.31 SIL 2005 |p 4511891 |r 2019-11-22 |w 2019-11-22 |y BK |k EBA | ||